000 01046cam a22002418i 4500
999 _c57920
_d57920
001 20684242
005 20210331165717.0
008 180927s2020 nyu b 001 0 eng
020 _a9780135227763
041 _aeng
080 _a159.922.6 B-87
100 1 _aBroderick, Patricia C.,
_eauthor.
_910951
245 1 4 _aThe life span :
_bhuman development for helping professionals /
_cPatricia C. Broderick, Penn State Prevention Research Center, Pamela Blewitt, Villanova University.
250 _aFifth edition.
264 1 _aNew York :
_bPearson,
_c2020.
300 _a769 pages ;
_b29 cm.
650 0 _aDevelopmental psychology.
_96673
653 _aსიცოცხლის ხანგრძლივობა
653 _aადამიანის განვითარება პროფესიონალების დასახმარებლად
653 _aგანვითარების ფსიქოლოგია
700 1 _aBlewitt, Pamela
_eავტორი
_910952
942 _2udc
_cBK